| 000 | 00570nam a2200169Ia 4500 | ||
|---|---|---|---|
| 003 | GCL | ||
| 008 | 140319s9999 xx 000 0 ara d | ||
| 040 |
_aGCL / _cGCL |
||
| 082 | 0 | 4 |
_a001.6425 _bم ش |
| 100 | 1 | _aمحمد اديب رياض غنيمى | |
| 245 | 1 | 0 |
_aشبكات المعلومات : الحاضر والمستقبل / _cمحمد اديب رياض غنيمى |
| 300 | _a77 ص | ||
| 490 |
_aكراسات مستقبلية _v0 |
||
| 650 | 0 | 4 | _aالحاسبات الالكترونية |
| 650 | 0 | 4 | _aشبكات المعلومات - برامج |
| 942 |
_2ddc _cBK |
||
| 999 |
_c48218 _d48218 |
||